000 01370nam a2200337 c 4500
003 BLK
005 20180422094155.0
008 180412b bul|||||r ||||||| ||bul||
010 _aKNG00011938000
020 _a954-608-011-Х
_bиздат.: Труд и право
040 _aBLK
041 _aBUL
_cBUL
080 _aТърговско право
_b347.7
_x(497.2)
_z347.7(497.2)
100 1 _aТаджер, Витали Езра
_eпърви автор
_9363561
700 1 _aКарадимов, Росен
_eсъавт.
_9255555
139 _aТаджер, Витали Езра и др.
_bТ 18
245 1 0 _aНесъстоятелност по Търговският закон
_cВитали Езра Таджер; съавт. Росен Карадимов.
257 _aBGR
260 София
_bТруд и право
_c1996
300 _a208 с.
_c21 см
380 _a3
500 _aДеп. списък: 12. - 6 000 тир. - Геогр. руб.: България.
650 4 _aНесъстоятелност - по Търговския закон - България
_9255556
650 4 _aТърговско право - България
_9243787
653 _aнесъстоятелност
852 _aЦб 188384
856 4 _qpdf
_u
856 4 _qpdf
_u
942 _cKNG
_n0
944 _aCR
_c15.01.2003
_kКети_Илиева
944 _aED
_c06.10.2015
_kНора_Радева
999 _c10452
_d10452